000 01438naa a22003977a 4500
001 BR6009743
003 BR-BrBNA
005 20240918173106.0
007 ta
008 230509b bl.||||| |||| 00| 0 por d
040 _aBR-BrBNA
_bpor
_cBiblioteca Nacional de Agricultura
041 _a(Pt)
072 _aE15; F00
_b1540
_b1410
_b1740
_b2760
_b0230
_bG514
090 _aE15 BR6009743
100 1 _aLeal, G.C.
100 1 _aCorrea Filho, A.
100 1 _aPacheco, V.A.
100 1 _aPereira, J.C.
100 1 _aSalim, O.
111 1 _a1. Foro Agricola do Rio Grande do Sul
_cPorto Alegre, RS (Brazil)
_d26 Sep 1960
245 1 _aOutras culturas [Mandioca; Manihot esculenta; Feijao; Phaseolus vulgaris; Cebola; Allium cepa; Fumo; Nicotina tabacum; Cana de acucar; Saccharum officinarum; Rio Grande do Sul; Brasil]
260 3 _aPorto Alegre, RS (Brasil):
_c1960.
500 _aAnais do 1. Foro Agricola do Rio Grande do Sul Porto Alegre, RS (Brasil): 1960. p. 157-163 (BR6009743-AM)E15
650 _aMicroeconomia
650 _aProducao vegetal
650 _aMandioca
650 _aFeijao
650 _aCebola
650 _aFumo
650 _aCana de acucar
650 _aCusto de producao
650 _aRio Grande do Sul
773 0 _tAnais do 1. Foro Agricola do Rio Grande do Sul
_wE15 BR6009743
_gPorto Alegre, RS (Brasil), 1960. p. 157-163
909 _a202404
_bLucia
_c55
_dLucia Elande
942 _cAM
_2AGRIS
999 _c302825
_d302825